00441nam a2200145 a 450000100060000000300090000600800410001504000280005608200170008410000250010124500540012626000680018030000110024865000360025911477CO-ViMGA141112s2004 ck r 000 u spa d aCO-ViMGAbspacCO-ViMGA04a923.582 S15c1 aCacua Prada, Antonio10aEl General Jose San Martin : blibertador del sur aSatafe de Bogotá, cPublicaciones Universidad central, c1993 a204 p.14aSAN MARTIN, JOSE DE 1778 - 1850